Top 25 Most Asian American Cities - Statistics

General Stats
  • This quiz has been taken 403 times
  • The average score is 5 of 25
Answer Stats
Rank # State Percentage City % Correct
17 California 31 San Francisco
95%
3 Hawaii 55 Honolulu
85%
23 California 27 San Jose
72%
13 California 37 Fremont
31%
18 California 30 Irvine
30%
5 California 50 Daly City
20%
20 California 29 Santa Clara
20%
15 California 32 Sunnyvale
16%
22 California 28 Torrance
15%
9 California 44 Cupertino
13%
19 New Jersey 29 Edison
13%
16 California 31 Garden Grove
12%
25 California 26 Alameda
10%
4 California 51 Milpitas
10%
1 California 61 Monterey Park
10%
21 California 29 South San Francisco
10%
7 California 47 Alhambra
9%
10 California 43 Union City
8%
8 California 45 Arcadia
7%
2 California 58 Cerritos
6%
11 California 43 Diamond Bar
6%
6 California 49 Rosemead
5%
24 California 27 Gardena
4%
14 California 36 Hacienda Heights
2%
12 California 38 Westminister
1%
No matching quizzes found
Score Distribution
Percent of People with Each Score
Percentile by Number Answered
Your Score History
You have not taken this quiz